[Event "Split rapid op 6th"]
[Site "Split"]
[Date "2024.08.08"]
[Round "2"]
[White "Cupic, Lovro"]
[Black "Ercegovic, Josip"]
[Result "1-0"]
[WhiteElo "2263"]
[BlackElo "1607"]
[PlyCount "59"]
[EventDate "2024.08.08"]
[EventType "swiss (rapid)"]
[EventRounds "7"]
[EventCountry "CRO"]
[SourceTitle "CBM 221 Extra"]
[Source "ChessBase"]
[SourceDate "2024.09.30"]
[SourceVersion "1"]
[SourceVersionDate "2024.09.30"]
[SourceQuality "1"]

1. e4 c5 2. Nf3 d6 3. d4 cxd4 4. Nxd4 Nf6 5. Nc3 g6 6. Be3 Bg7 7. f3 0-0 8. Qd2 Nc6 9. Bc4 Bd7 10. 0-0-0 Rc8 11. Bb3 Na5 12. g4 Nc4 13. Bxc4 Rxc4 14. h4 h5 15. Rdg1 Rxc3 16. Qxc3 hxg4 17. Qd3 Qa5 18. Kb1 b5 19. fxg4 Bxg4 20. Qxb5 Qc7 21. Qc6 Qa5 22. Nb3 Qe5 23. Bd4 Qe6 24. Bxa7 Nxe4 25. Bd4 Bf5 26. Bxg7 Kxg7 27. Nd4 Qe5 28. Nxf5+ Qxf5 29. Re1 Rc8 30. Qxe4 1-0

[Event "CRO-ch U15"]
[Site "Trogir"]
[Date "2023.06.23"]
[Round "4"]
[White "Gasparovic, Roko"]
[Black "Ercegovic, Josip"]
[Result "1-0"]
[WhiteElo "1566"]
[BlackElo "1286"]
[PlyCount "69"]
[EventDate "2023.06.21"]
[EventType "swiss"]
[EventRounds "9"]
[EventCountry "CRO"]
[SourceTitle "EXT 2024"]
[Source "ChessBase"]
[SourceDate "2023.10.10"]
[SourceVersion "1"]
[SourceVersionDate "2023.10.10"]
[SourceQuality "1"]

1. e4 c5 2. Nf3 d6 3. d4 cxd4 4. Nxd4 Nf6 5. Nc3 g6 6. Be3 Bg7 7. f3 0-0 8. Qd2 Nc6 9. g4 Nxd4 10. Bxd4 Be6 11. 0-0-0 Qa5 12. Kb1 Rfc8 13. a3 Rab8 14. h4 b5 15. Nxb5 Rxb5 16. Bxb5 Qxb5 17. h5 Qc4 18. b3 Qc6 19. hxg6 fxg6 20. Qh2 Qb5 21. Bb2 Bxb3 22. cxb3 Qxb3 23. e5 dxe5 24. Qxe5 Rb8 25. Rd2 Rf8 26. Qc3 Qb7 27. Rdh2 Rf7 28. Rc2 Qd5 29. Rd2 Qb7 30. Rd8+ Bf8 31. g5 Kg7 32. gxf6+ exf6 33. Rhd1 Rc7 34. Qxf6+ Kg8 35. Rxf8# 1-0

[Event "CRO-ch U13"]
[Site "Trogir"]
[Date "2022.06.27"]
[Round "9"]
[White "Biondic, Slavko"]
[Black "Ercegovic, Josip"]
[Result "0-1"]
[WhiteElo "1017"]
[BlackElo "1198"]
[PlyCount "88"]
[EventDate "2022.06.22"]
[EventType "swiss"]
[EventRounds "9"]
[EventCountry "CRO"]
[SourceTitle "CBM 209 Extra"]
[Source "ChessBase"]
[SourceDate "2022.09.30"]
[SourceVersion "1"]
[SourceVersionDate "2022.09.30"]
[SourceQuality "1"]

1. d4 Nf6 2. c4 g6 3. Nc3 Bg7 4. Nf3 0-0 5. e4 d6 6. Be2 Nbd7 7. 0-0 e5 8. Bg5 Qe7 9. Re1 h6 10. Bxf6 Nxf6 11. Qd3 Ne8 12. d5 f5 13. g3 f4 14. Nh4 Qf7 15. Nf3 g5 16. gxf4 gxf4 17. Nh4 Bf6 18. Ng2 Bh8 19. Qf3 Kh7 20. Kh1 Rg8 21. Rg1 Bg4 22. Qd3 f3 23. h3 fxg2+ 24. Rxg2 Bxe2 25. Nxe2 Rxg2 26. Kxg2 Nf6 27. Qf3 Qh5 28. Qe3 Qg5+ 29. Qxg5 hxg5 30. Kf3 Kg6 31. Rg1 Bg7 32. Ng3 Rf8 33. Nf5 Rh8 34. Kg3 Nxe4+ 35. Kf3 Kxf5 36. Rh1 Nd2+ 37. Kg3 Nxc4 38. b3 Nb6 39. f3 Nxd5 40. Rh2 e4 41. fxe4+ Kxe4 42. Re2+ Kf5 43. Rf2+ Ke6 44. Re2+ Be5+ 0-1

[Event "CRO-ch U11"]
[Site "Trogir"]
[Date "2019.06.19"]
[Round "4"]
[White "Gal, Andrej"]
[Black "Ercegovic, Josip"]
[Result "1-0"]
[WhiteElo "1697"]
[BlackElo "1190"]
[PlyCount "91"]
[EventDate "2019.06.17"]
[EventType "swiss"]
[EventRounds "9"]
[EventCountry "CRO"]
[SourceTitle "EXT 2020"]
[Source "ChessBase"]
[SourceDate "2019.10.17"]
[SourceVersion "1"]
[SourceVersionDate "2019.10.17"]
[SourceQuality "1"]

1. e4 e5 2. Nf3 Nc6 3. d4 exd4 4. Nxd4 Nxd4 5. Qxd4 d6 6. Bd3 Be7 7. 0-0 Bf6 8. Qe3 Ne7 9. Nc3 Ng6 10. Nd5 0-0 11. Nxf6+ Qxf6 12. f4 Re8 13. Rb1 Bd7 14. b3 Qe7 15. f5 Ne5 16. Bb2 f6 17. Kh1 Kh8 18. Rf4 Bc6 19. Rbf1 d5 20. Qg3 Rg8 21. exd5 Nxd3 22. Qxd3 Bd7 23. Re4 Qf7 24. Ree1 a6 25. Ba3 Rge8 26. c4 Re5 27. Rxe5 fxe5 28. Bb2 Rf8 29. f6 gxf6 30. Bxe5 Qg7 31. Qf3 Kg8 32. Bxc7 Bg4 33. Qg3 f5 34. h3 Be2 35. Qxg7+ Kxg7 36. Re1 Bh5 37. d6 Be8 38. Rxe8 Rxe8 39. d7 Re1+ 40. Kh2 Rd1 41. d8Q Rxd8 42. Bxd8 Kf7 43. Kg3 Ke6 44. Kf4 h5 45. Bh4 b6 46. b4 1-0

[Event "CRO-ch U11"]
[Site "Trogir"]
[Date "2019.06.17"]
[Round "2"]
[White "Ivancevic, Filip"]
[Black "Ercegovic, Josip"]
[Result "1-0"]
[WhiteElo "1498"]
[BlackElo "1190"]
[PlyCount "35"]
[EventDate "2019.06.17"]
[EventType "swiss"]
[EventRounds "9"]
[EventCountry "CRO"]
[SourceTitle "EXT 2020"]
[Source "ChessBase"]
[SourceDate "2019.10.17"]
[SourceVersion "1"]
[SourceVersionDate "2019.10.17"]
[SourceQuality "1"]

1. d4 d5 2. Bf4 Nc6 3. e3 Nf6 4. Nf3 Bg4 5. Be2 e6 6. h3 Bf5 7. Bd3 Bg6 8. 0-0 Bd6 9. Ne5 Nxe5 10. dxe5 Ne4 11. exd6 cxd6 12. Nd2 f5 13. Bb5+ Kf7 14. Nxe4 dxe4 15. Qxd6 Qxd6 16. Bxd6 Rhd8 17. Rad1 Bh5 18. Rd4 1-0